[Event "Madrid ch Sub 15 2015"]
[Site "Madrid ESP"]
[Date "2015.04.18"]
[Round "1.1"]
[White "Alfaya Marcelo, Roberto"]
[Black "Sanchez Caballero, Alvaro"]
[Result "1-0"]
[WhiteElo "2087"]
[BlackElo "1688"]
[PlyCount "88"]
[EventDate "2015.04.18"]
[EventType "tourn"]
[EventRounds "7"]
[EventCountry "ESP"]
[Source "lmi"]
[SourceDate "2015.04.18"]

1. c4 Nf6 2. Nc3 g6 3. g3 Bg7 4. Bg2 O-O 5. Nf3 d6 6. O-O Re8 7. d3 e5 8. Bg5
Nbd7 9. Rb1 a5 10. a3 h6 11. Bxf6 Nxf6 12. Nd2 Rb8 13. b4 axb4 14. axb4 b6 15.
b5 Bb7 16. Nd5 Nd7 17. Nb4 Bxg2 18. Kxg2 Qg5 19. Ne4 Qg4 20. h3 Qe6 21. Nc3 Nc5
22. Ncd5 Qd7 23. e4 Kh8 24. Ra1 Ra8 25. Qc2 f5 26. f3 f4 27. g4 Rxa1 28. Rxa1
Qd8 29. Ra7 Ne6 30. Nc6 Qh4 31. Qf2 Qxf2+ 32. Kxf2 Rc8 33. Nde7 Re8 34. Nxg6+
Kh7 35. Nge7 Bf6 36. Nd5 Bh4+ 37. Ke2 Rg8 38. Nxc7 Rg7 39. Nd5 Kg6 40. Ra8 Rd7
41. Rc8 Kf7 42. Ncb4 Bd8 43. Na6 Ke8 44. Nb8 Rg7 1-0

[Event "Madrid ch Sub 15 2015"]
[Site "Madrid ESP"]
[Date "2015.04.18"]
[Round "1.2"]
[White "Rottenwohrer Suarez, Juan"]
[Black "Menendez Hernandez, Jose"]
[Result "0-1"]
[WhiteElo "2015"]
[BlackElo "1768"]
[PlyCount "47"]
[EventDate "2015.04.18"]
[EventType "tourn"]
[EventRounds "7"]
[EventCountry "ESP"]
[Source "lmi"]
[SourceDate "2015.04.18"]

1. d4 d5 2. c4 c6 3. Nf3 Nf6 4. Nc3 Nbd7 5. Bg5 e6 6. e3 Be7 7. Bd3 O-O 8. O-O
b6 9. e4 dxe4 10. Bxf6 exd3 11. Bxe7 Qxe7 12. Qxd3 Ba6 13. b3 Rad8 14. Qe3 Rfe8
15. Rfe1 Nf6 16. Rad1 Bb7 17. h3 Qf8 18. Ne5 Rd6 19. b4 Red8 20. g4 h6 21. f4
c5 22. dxc5 Rxd1 23. Rxd1 Rxd1+ 24. Nxd1 0-1

[Event "Madrid ch Sub 15 2015"]
[Site "Madrid ESP"]
[Date "2015.04.18"]
[Round "1.3"]
[White "Palenciano Escolar, Adrian"]
[Black "Perez Ordonez, Jose Ramon"]
[Result "1-0"]
[WhiteElo "2102"]
[BlackElo "1788"]
[PlyCount "113"]
[EventDate "2015.04.18"]
[EventType "tourn"]
[EventRounds "7"]
[EventCountry "ESP"]
[Source "lmi"]
[SourceDate "2015.04.18"]

1. d4 Nf6 2. Bg5 c6 3. Bxf6 exf6 4. c3 d5 5. Nd2 Bd6 6. Qc2 O-O 7. e3 f5 8. Bd3
g6 9. Ne2 Re8 10. O-O-O Nd7 11. h4 Nf6 12. Nf4 a5 13. Nf3 h5 14. Ng5 Ne4 15.
Nxe4 fxe4 16. Be2 Bf5 17. g3 Qd7 18. c4 dxc4 19. Bxc4 b5 20. Be2 a4 21. Kb1
Bxf4 22. gxf4 Be6 23. Qc5 Qd5 24. Qxd5 Bxd5 25. Rhg1 Kh7 26. Rg5 Re6 27. Rdg1
Rd8 28. a3 Rb8 29. Rc1 b4 30. axb4 Rxb4 31. Ka1 Re7 32. Rgg1 Reb7 33. Rb1 Ra7
34. Bd1 Bb3 35. Re1 Rb6 36. Re2 Bc4 37. Rd2 Bb3 38. Bc2 f5 39. Bd1 Bd5 40. Rc2
Rb3 41. Rc3 Rb4 42. Ra3 Bb3 43. Bxb3 Rxb3 44. Ka2 Rb6 45. Rc1 Rab7 46. Rc2 Rb4
47. Rac3 R7b6 48. Rxc6 Rxb2+ 49. Rxb2 Rxc6 50. Rb7+ Kh6 51. d5 Rc2+ 52. Rb2
Rxb2+ 53. Kxb2 Kg7 54. Ka3 Kf6 55. Kxa4 Ke7 56. Kb5 Kd6 57. Kc4 1-0

[Event "Madrid ch Sub 15 2015"]
[Site "Madrid ESP"]
[Date "2015.04.18"]
[Round "1.4"]
[White "Herranz Sanchez, Pablo"]
[Black "Bento Iglesias, Pablo"]
[Result "1/2-1/2"]
[WhiteElo "1940"]
[BlackElo "1803"]
[PlyCount "80"]
[EventDate "2015.04.18"]
[EventType "tourn"]
[EventRounds "7"]
[EventCountry "ESP"]
[Source "lmi"]
[SourceDate "2015.04.18"]

1. e4 e5 2. Nf3 d6 3. d4 exd4 4. Nxd4 Nc6 5. Nc3 Nf6 6. Be2 Be7 7. Be3 O-O 8.
Qd2 a6 9. f3 Nxd4 10. Bxd4 c5 11. Be3 Be6 12. Rd1 Qd7 13. O-O Rad8 14. Nd5 Rfe8
15. Nf4 Qc6 16. Nxe6 fxe6 17. Qe1 b5 18. Qg3 Kh8 19. Qh3 Qc8 20. g4 e5 21. c4
b4 22. Qg3 Qe6 23. Rf2 Rf8 24. h3 a5 25. Rb1 Rb8 26. Bd3 Nd7 27. h4 a4 28. h5
b3 29. a3 Nf6 30. Rh2 Rb7 31. Kg2 Bd8 32. Rg1 Rbf7 33. Be2 Nd7 34. g5 Nb6 35.
g6 Rf4 36. Kh1 h6 37. Qh3 Qxh3 38. Rxh3 Bf6 39. Rd1 Rd8 40. Kg2 Kg8 1/2-1/2

[Event "Madrid ch Sub 15 2015"]
[Site "Madrid ESP"]
[Date "2015.04.19"]
[Round "2.1"]
[White "Sanchez Caballero, Alvaro"]
[Black "Bento Iglesias, Pablo"]
[Result "0-1"]
[WhiteElo "1688"]
[BlackElo "1803"]
[PlyCount "130"]
[EventDate "2015.04.18"]
[EventType "tourn"]
[EventRounds "7"]
[EventCountry "ESP"]
[Source "lmi"]
[SourceDate "2015.04.18"]

1. e4 e5 2. d4 exd4 3. Qxd4 Nc6 4. Qe3 d6 5. Bd2 Nf6 6. Nc3 Bd7 7. O-O-O Be7 8.
f4 O-O 9. h3 Be6 10. g4 d5 11. Nf3 d4 12. Qe1 dxc3 13. Bxc3 Qe8 14. g5 Nd7 15.
f5 Bxa2 16. f6 Qd8 17. Qh4 Bc5 18. Qg3 Be3+ 19. Nd2 Bd4 20. Bxd4 Nxd4 21. Nf3
Nxf3 22. Qxf3 Be6 23. Rg1 a5 24. Qh5 a4 25. e5 Bf5 26. Bc4 Bg6 27. Qg4 Nxe5 28.
Qf4 Qc8 29. Qxe5 Qf5 30. Qxf5 Bxf5 31. h4 g6 32. Rdf1 Ra5 33. Re1 Rc5 34. Bxf7+
Rxf7 35. Re8+ Rf8 36. Rge1 Bxc2 37. Kd2 Bb3 38. R8e7 Rd8+ 39. Ke3 Bf7 40. Kf3
b5 41. R1e2 Rf5+ 42. Kg4 Rc5 43. Kf3 Rc4 44. R2e3 b4 45. R7e5 Rxh4 46. Ra5 Rh3+
47. Kf2 Rd2+ 48. Ke1 Rxe3+ 49. Kxd2 Re8 50. Rxa4 c5 51. Ra7 Rd8+ 52. Kc2 Kf8
53. Rc7 Rd5 54. Rc8+ Be8 55. Rc7 Rxg5 56. Rxh7 Rf5 57. Rc7 Bb5 58. b3 Be2 59.
Kd2 Bf3 60. Kd3 g5 61. Rg7 g4 62. Re7 g3 63. Re1 g2 64. Rg1 Bd5 65. Ke2 Rxf6
0-1

[Event "Madrid ch Sub 15 2015"]
[Site "Madrid ESP"]
[Date "2015.04.19"]
[Round "2.2"]
[White "Perez Ordonez, Jose Ramon"]
[Black "Herranz Sanchez, Pablo"]
[Result "1/2-1/2"]
[WhiteElo "1788"]
[BlackElo "1940"]
[PlyCount "44"]
[EventDate "2015.04.18"]
[EventType "tourn"]
[EventRounds "7"]
[EventCountry "ESP"]
[Source "lmi"]
[SourceDate "2015.04.18"]

1. d4 Nf6 2. c4 c5 3. d5 b5 4. cxb5 a6 5. bxa6 Bxa6 6. Nc3 d6 7. e4 Bxf1 8.
Kxf1 Nbd7 9. g3 g6 10. Nf3 Bg7 11. h3 O-O 12. Kg2 Nb6 13. Qc2 Nfd7 14. b3 Qc7
15. Bb2 Rfb8 16. Nb5 Qb7 17. Bxg7 Kxg7 18. a4 Nc8 19. Qc3+ f6 20. Ng5 Nf8 21.
Nf3 Nd7 22. Ng5 Nf8 1/2-1/2

[Event "Madrid ch Sub 15 2015"]
[Site "Madrid ESP"]
[Date "2015.04.19"]
[Round "2.3"]
[White "Menendez Hernandez, Jose"]
[Black "Palenciano Escolar, Adrian"]
[Result "1/2-1/2"]
[WhiteElo "1768"]
[BlackElo "2102"]
[PlyCount "132"]
[EventDate "2015.04.18"]
[EventType "tourn"]
[EventRounds "7"]
[EventCountry "ESP"]
[Source "lmi"]
[SourceDate "2015.04.18"]

1. e4 c5 2. Nf3 d6 3. d4 cxd4 4. Nxd4 Nf6 5. Nc3 a6 6. Bg5 e6 7. f4 Qc7 8. Be2
Nbd7 9. Qd2 b5 10. a3 Bb7 11. Bf3 Be7 12. f5 e5 13. Nde2 Rc8 14. O-O h6 15. Bh4
O-O 16. Ng3 Nb6 17. Rad1 Nc4 18. Qc1 Nxa3 19. Nh5 Nxh5 20. Bxe7 Qxe7 21. Bxh5
Qf6 22. Rd3 Nc4 23. Nd5 Bxd5 24. Rxd5 Rc5 25. Rfd1 Rfc8 26. b3 Rxd5 27. Rxd5
Nb6 28. Rd3 Rd8 29. Bf3 d5 30. exd5 Qxf5 31. Qe3 Rd6 32. Qc5 Qd7 33. c4 f5 34.
Bh5 e4 35. Re3 Qe7 36. Bg6 Qe5 37. Bxf5 Rf6 38. g4 g6 39. Rxe4 Qa1+ 40. Kg2
Qb2+ 41. Kg3 gxf5 42. Re8+ Kg7 43. Re7+ Kg6 44. gxf5+ Kxf5 45. d6+ Kg6 46. Qxb6
Qxb3+ 47. Re3 Qxc4 48. Rf3 Rxf3+ 49. Kxf3 Qf1+ 50. Kg3 Qe1+ 51. Kf3 Qd1+ 52.
Kf2 Qd2+ 53. Kf1 Qd3+ 54. Kf2 Kf5 55. Qc7 Qd4+ 56. Kf1 Qf6 57. Kg2 Qb2+ 58. Kf1
Qxh2 59. Qf7+ Ke4 60. d7 Qh3+ 61. Kf2 Qe3+ 62. Kf1 Qd3+ 63. Ke1 Qg3+ 64. Kf1
Qh3+ 65. Ke1 Qh4+ 66. Kf1 Qh3+ 1/2-1/2

[Event "Madrid ch Sub 15 2015"]
[Site "Madrid ESP"]
[Date "2015.04.19"]
[Round "2.4"]
[White "Alfaya Marcelo, Roberto"]
[Black "Rottenwohrer Suarez, Juan"]
[Result "1-0"]
[WhiteElo "2087"]
[BlackElo "2015"]
[PlyCount "49"]
[EventDate "2015.04.18"]
[EventType "tourn"]
[EventRounds "7"]
[EventCountry "ESP"]
[Source "lmi"]
[SourceDate "2015.04.18"]

1. c4 Nf6 2. Nc3 g6 3. g3 Bg7 4. Bg2 d6 5. Nf3 O-O 6. O-O e5 7. d3 Nc6 8. Rb1
a5 9. a3 Nh5 10. b4 axb4 11. axb4 f5 12. Qb3 f4 13. c5+ Kh8 14. cxd6 cxd6 15.
b5 Nd4 16. Nxd4 exd4 17. Ne4 Be5 18. Bb2 Bf5 19. Qb4 Qb6 20. Nd2 Ra5 21. Ba1
Be6 22. Nf3 fxg3 23. Nxe5 gxf2+ 24. Rxf2 Rxf2 25. Nf7+ 1-0

[Event "Madrid ch Sub 15 2015"]
[Site "Madrid ESP"]
[Date "2015.04.19"]
[Round "3.1"]
[White "Rottenwohrer Suarez, Juan"]
[Black "Sanchez Caballero, Alvaro"]
[Result "0-1"]
[WhiteElo "2015"]
[BlackElo "1688"]
[PlyCount "116"]
[EventDate "2015.04.18"]
[EventType "tourn"]
[EventRounds "7"]
[EventCountry "ESP"]
[Source "lmi"]
[SourceDate "2015.04.18"]

1. Nf3 Nf6 2. c4 g6 3. Nc3 Bg7 4. d4 d6 5. e4 O-O 6. Be2 e5 7. O-O Nc6 8. d5
Ne7 9. b4 Nd7 10. c5 dxc5 11. bxc5 Nxc5 12. Ba3 Nd7 13. Rc1 Nf6 14. Qc2 Bg4 15.
Nxe5 Bxe2 16. Qxe2 a6 17. Rfd1 Re8 18. d6 Nc6 19. Nxc6 bxc6 20. Qc4 Qd7 21.
dxc7 Qxc7 22. Rd6 Rac8 23. f3 Bf8 24. Rxf6 Bxa3 25. Rd1 Kg7 26. Qd4 c5 27. Qd6
Qxd6 28. Rfxd6 a5 29. Nb5 Bb2 30. Rd7 Rb8 31. Nc7 Rec8 32. Kf2 Bd4+ 33. Kf1 Kf8
34. Rd2 Rb1+ 35. Ke2 Be5 36. Na6 Bxh2 37. Rc2 c4 38. Rd4 Rc6 39. Rd8+ Kg7 40.
Ra8 Rbb6 41. Kf2 Be5 42. Ke3 Rxa6 43. Rxa6 Rxa6 44. Rxc4 a4 45. f4 Bd6 46. e5
Bf8 47. g4 a3 48. f5 Rb6 49. Rc7 Kg8 50. Kf4 gxf5 51. gxf5 Rb2 52. Rc3 Rxa2 53.
Rg3+ Kh8 54. f6 Rb2 55. e6 Bd6+ 56. Ke3 Bxg3 57. e7 Rb8 58. Ke4 a2 0-1

[Event "Madrid ch Sub 15 2015"]
[Site "Madrid ESP"]
[Date "2015.04.19"]
[Round "3.2"]
[White "Palenciano Escolar, Adrian"]
[Black "Alfaya Marcelo, Roberto"]
[Result "1-0"]
[WhiteElo "2102"]
[BlackElo "2087"]
[PlyCount "97"]
[EventDate "2015.04.18"]
[EventType "tourn"]
[EventRounds "7"]
[EventCountry "ESP"]
[Source "lmi"]
[SourceDate "2015.04.18"]

1. e4 c5 2. Nf3 d6 3. d4 cxd4 4. Nxd4 Nf6 5. Nc3 a6 6. Be3 e6 7. Be2 Be7 8. O-O
O-O 9. a4 Nc6 10. Qd2 Bd7 11. f4 Qc7 12. Nb3 b6 13. Bf3 Rab8 14. Kh1 Na5 15.
Nxa5 bxa5 16. Rab1 Rb4 17. Qd3 Rfb8 18. b3 Bc6 19. Bd2 Qb7 20. Rbe1 Nd7 21. Nd5
Nc5 22. Nxe7+ Qxe7 23. Qe3 Rxe4 24. Bxe4 Bxe4 25. Bxa5 Bxc2 26. b4 Nxa4 27. Rc1
Bf5 28. Rc7 Qf6 29. Qa7 Rf8 30. Qxa6 Qg6 31. Rc8 e5 32. Rxf8+ Kxf8 33. fxe5
dxe5 34. Qa8+ Ke7 35. Qd8+ Ke6 36. Qe8+ Kd5 37. Qxa4 Be4 38. Qd7+ Kc4 39. Qxf7+
Kd3 40. Qb3+ Ke2 41. Qd1+ Ke3 42. Re1+ Kf4 43. Qd2+ Kf5 44. Rxe4 Kxe4 45. Qc2+
Kd4 46. Bb6+ Kd5 47. Qxg6 hxg6 48. Kg1 Kc4 49. Bc5 1-0

[Event "Madrid ch Sub 15 2015"]
[Site "Madrid ESP"]
[Date "2015.04.19"]
[Round "3.3"]
[White "Herranz Sanchez, Pablo"]
[Black "Menendez Hernandez, Jose"]
[Result "1-0"]
[WhiteElo "1940"]
[BlackElo "1768"]
[PlyCount "75"]
[EventDate "2015.04.18"]
[EventType "tourn"]
[EventRounds "7"]
[EventCountry "ESP"]
[Source "lmi"]
[SourceDate "2015.04.18"]

1. e4 c5 2. Nf3 g6 3. d4 cxd4 4. Nxd4 Nc6 5. Be3 Nf6 6. Nc3 Bg7 7. Be2 O-O 8.
O-O d5 9. exd5 Nxd5 10. Nxd5 Qxd5 11. Bf3 Qa5 12. Nxc6 bxc6 13. Bxc6 Rb8 14. b3
Rd8 15. Qc1 Bxa1 16. Qxa1 Bb7 17. Bxb7 Rxb7 18. c4 Rbd7 19. c5 Qa6 20. h3 Qxf1+
21. Qxf1 Rd1 22. Qxd1 Rxd1+ 23. Kh2 Ra1 24. b4 Kf8 25. c6 Ke8 26. Bxa7 Rxa2 27.
b5 Kd8 28. b6 Rb2 29. f4 f5 30. b7 Kc7 31. Bd4 Rb3 32. Be5+ Kxc6 33. b8=Q Rxb8
34. Bxb8 h5 35. Kg3 Kd5 36. Kh4 Ke6 37. Kg5 Kf7 38. Be5 1-0

[Event "Madrid ch Sub 15 2015"]
[Site "Madrid ESP"]
[Date "2015.04.19"]
[Round "3.4"]
[White "Bento Iglesias, Pablo"]
[Black "Perez Ordonez, Jose Ramon"]
[Result "0-1"]
[WhiteElo "1803"]
[BlackElo "1788"]
[PlyCount "77"]
[EventDate "2015.04.18"]
[EventType "tourn"]
[EventRounds "7"]
[EventCountry "ESP"]
[Source "lmi"]
[SourceDate "2015.04.18"]

1. e4 e5 2. Nf3 Nc6 3. Bb5 a6 4. Ba4 Nf6 5. d3 b5 6. Bb3 Bc5 7. c3 d6 8. O-O
O-O 9. h3 h6 10. Re1 Re8 11. Nbd2 Bb6 12. Nf1 Be6 13. Bxe6 fxe6 14. Be3 Bxe3
15. Nxe3 d5 16. exd5 exd5 17. Qc2 Qd7 18. Rec1 Nd8 19. d4 e4 20. Ne5 Qe6 21.
Qb3 Nf7 22. Nxf7 Qxf7 23. Qb4 Rad8 24. b3 Nh5 25. Rc2 Nf4 26. Qa5 Rd6 27. c4
bxc4 28. bxc4 Rf8 29. Qd2 Rg6 30. Kf1 Nxg2 31. Nxg2 Qf3 32. Ne3 Qxh3+ 33. Ke2
Rxf2+ 34. Kd1 Rxd2+ 35. Rxd2 Qf3+ 36. Kc2 dxc4 37. d5 c3 38. Kxc3 Rb6 39. Rg2
0-1

[Event "Madrid ch Sub 15 2015"]
[Site "Madrid ESP"]
[Date "2015.04.25"]
[Round "4.1"]
[White "Sanchez Caballero, Alvaro"]
[Black "Perez Ordonez, Jose Ramon"]
[Result "0-1"]
[WhiteElo "1688"]
[BlackElo "1788"]
[PlyCount "56"]
[EventDate "2015.04.18"]
[EventType "tourn"]
[EventRounds "7"]
[EventCountry "ESP"]
[Source "lmi"]
[SourceDate "2015.04.18"]

1. e4 e5 2. d4 exd4 3. Qxd4 Nc6 4. Qe3 g6 5. Bd2 Bg7 6. Nc3 Nf6 7. O-O-O O-O 8.
Qg3 Re8 9. f3 a6 10. h4 h5 11. Bg5 d6 12. Qf4 Be6 13. g4 Rc8 14. Nge2 Ne5 15.
Bh3 Nxf3 16. gxh5 Nxg5 17. hxg5 Nxh5 18. Qh4 Be5 19. Nd5 c6 20. Bxe6 Rxe6 21.
Ndf4 Bxf4+ 22. Nxf4 Rxe4 23. Rdf1 Qa5 24. Qh2 Rxf4 25. Rxf4 Qxg5 26. Rhf1 Nxf4
27. Rxf4 Re8 28. Kd1 Qd5+ 0-1

[Event "Madrid ch Sub 15 2015"]
[Site "Madrid ESP"]
[Date "2015.04.25"]
[Round "4.2"]
[White "Menendez Hernandez, Jose"]
[Black "Bento Iglesias, Pablo"]
[Result "1-0"]
[WhiteElo "1768"]
[BlackElo "1803"]
[PlyCount "93"]
[EventDate "2015.04.18"]
[EventType "tourn"]
[EventRounds "7"]
[EventCountry "ESP"]
[Source "lmi"]
[SourceDate "2015.04.18"]

1. e4 e6 2. d4 d5 3. Nd2 dxe4 4. Nxe4 Nd7 5. Nf3 Ngf6 6. Ng3 c5 7. Be3 Nd5 8.
c3 Nxe3 9. fxe3 cxd4 10. exd4 Bd6 11. Bd3 Qc7 12. Ne4 h6 13. Nxd6+ Qxd6 14. Qe2
Nf6 15. O-O Bd7 16. Ne5 a6 17. Rf3 Bc6 18. Rg3 Rg8 19. Rf1 Ke7 20. Bh7 Bb5 21.
Qf3 Bxf1 22. Qxb7+ Nd7 23. Bxg8 Rxg8 24. Kxf1 g5 25. Nxd7 Qxd7 26. Qxa6 f5 27.
Rh3 Rg6 28. Qa3+ Kf7 29. Qc5 f4 30. Qe5 g4 31. Rd3 Rg5 32. Qe4 Rf5 33. Kg1 h5
34. d5 exd5 35. Qe2 Qa7+ 36. Rd4 Qxa2 37. Qc2 Kf6 38. Ra4 Qxa4 39. Qxa4 Kg5 40.
Qd4 g3 41. Qg7+ Kh4 42. Qe7+ Rg5 43. h3 d4 44. cxd4 f3 45. Qe4+ Rg4 46. hxg4
f2+ 47. Kf1 1-0

[Event "Madrid ch Sub 15 2015"]
[Site "Madrid ESP"]
[Date "2015.04.25"]
[Round "4.3"]
[White "Alfaya Marcelo, Roberto"]
[Black "Herranz Sanchez, Pablo"]
[Result "1-0"]
[WhiteElo "2087"]
[BlackElo "1940"]
[PlyCount "75"]
[EventDate "2015.04.18"]
[EventType "tourn"]
[EventRounds "7"]
[EventCountry "ESP"]
[Source "lmi"]
[SourceDate "2015.04.18"]

1. c4 f5 2. Nc3 Nf6 3. g3 e6 4. Bg2 d5 5. d4 c6 6. Nf3 Nbd7 7. O-O Bd6 8. c5
Bc7 9. Bf4 Bxf4 10. gxf4 O-O 11. e3 Qe8 12. Kh1 Ng4 13. h3 Nh6 14. Rg1 Rf6 15.
Ng5 Nf7 16. Qh5 Rh6 17. Qxf7+ Qxf7 18. Nxf7 Kxf7 19. Kh2 Nf6 20. Bf3 Bd7 21. b4
Rg6 22. Rgb1 a6 23. a4 Kf8 24. b5 axb5 25. axb5 Rxa1 26. Rxa1 cxb5 27. Rb1 Ke7
28. Nxb5 Bxb5 29. Rxb5 Kd7 30. Rxb7+ Kc6 31. Rb6+ Kd7 32. Ra6 Ne4 33. Ra7+ Kc6
34. Bd1 Nxc5 35. dxc5 Kxc5 36. Bh5 Rh6 37. Be2 Rg6 38. h4 1-0

[Event "Madrid ch Sub 15 2015"]
[Site "Madrid ESP"]
[Date "2015.04.25"]
[Round "4.4"]
[White "Rottenwohrer Suarez, Juan"]
[Black "Palenciano Escolar, Adrian"]
[Result "0-1"]
[WhiteElo "2015"]
[BlackElo "2102"]
[PlyCount "58"]
[EventDate "2015.04.18"]
[EventType "tourn"]
[EventRounds "7"]
[EventCountry "ESP"]
[Source "lmi"]
[SourceDate "2015.04.18"]

1. Nf3 Nf6 2. c4 g6 3. Nc3 Bg7 4. d4 O-O 5. e4 d6 6. Be2 e5 7. O-O Nc6 8. d5
Ne7 9. b4 Nh5 10. g3 f5 11. Ng5 Nf6 12. f3 f4 13. c5 Kh8 14. Ba3 fxg3 15. hxg3
Nh5 16. Kf2 Nf5 17. exf5 Qxg5 18. Ne4 Qxf5 19. Bd3 dxc5 20. bxc5 c6 21. dxc6
bxc6 22. Rg1 Nf6 23. Nd6 Ng4+ 24. Ke1 Qxf3 25. Qxf3 Rxf3 26. Bc4 Rxa3 27. Nf7+
Kg8 28. Rf1 Bf6 29. Nxe5+ Kg7 0-1

[Event "Madrid ch Sub 15 2015"]
[Site "Madrid ESP"]
[Date "2015.04.25"]
[Round "5.1"]
[White "Palenciano Escolar, Adrian"]
[Black "Sanchez Caballero, Alvaro"]
[Result "1-0"]
[WhiteElo "2102"]
[BlackElo "1688"]
[PlyCount "105"]
[EventDate "2015.04.18"]
[EventType "tourn"]
[EventRounds "7"]
[EventCountry "ESP"]
[Source "lmi"]
[SourceDate "2015.04.18"]

1. e4 e6 2. d4 d5 3. Nd2 Nf6 4. Bd3 c5 5. e5 Nfd7 6. c3 Nc6 7. Ne2 f6 8. exf6
Nxf6 9. Nf3 Bd6 10. O-O O-O 11. Bg5 cxd4 12. cxd4 Qb6 13. Qd2 Bd7 14. Rac1 e5
15. dxe5 Nxe5 16. Nxe5 Bxe5 17. b3 Ng4 18. Ng3 Bd4 19. Nh1 Rf7 20. Rcd1 Bc5 21.
Qc2 Rc8 22. Bxh7+ Kh8 23. Qg6 Bxf2+ 24. Nxf2 Rxf2 25. Qxb6 Rxf1+ 26. Rxf1 axb6
27. Bf5 Ne5 28. Bxd7 Nxd7 29. Rd1 Rc5 30. Be7 Ra5 31. a4 Kg8 32. Bb4 Ra8 33.
Rxd5 Nf6 34. Rb5 Nd7 35. Bc3 Rc8 36. Bd4 Rc6 37. Rg5 g6 38. Rd5 Nf8 39. Rd8 Re6
40. Rb8 Rd6 41. Bc3 Rd7 42. Bb4 Rf7 43. h4 Rf4 44. Rxf8+ Rxf8 45. Bxf8 Kxf8 46.
Kf2 Ke7 47. Ke3 Kf7 48. Ke4 Ke6 49. g4 Kd6 50. h5 gxh5 51. gxh5 Ke6 52. h6 Kf6
53. Kd5 1-0

[Event "Madrid ch Sub 15 2015"]
[Site "Madrid ESP"]
[Date "2015.04.25"]
[Round "5.2"]
[White "Herranz Sanchez, Pablo"]
[Black "Rottenwohrer Suarez, Juan"]
[Result "1-0"]
[WhiteElo "1940"]
[BlackElo "2015"]
[PlyCount "55"]
[EventDate "2015.04.18"]
[EventType "tourn"]
[EventRounds "7"]
[EventCountry "ESP"]
[Source "lmi"]
[SourceDate "2015.04.18"]

1. e4 c5 2. Nf3 g6 3. d4 cxd4 4. Nxd4 Bg7 5. c4 Nc6 6. Be3 Nf6 7. Nc3 Ng4 8.
Qxg4 Nxd4 9. Qd1 Ne6 10. Qc2 O-O 11. Be2 Qa5 12. O-O Bxc3 13. bxc3 b6 14. f4
Nc5 15. f5 Bb7 16. Bd3 Qa4 17. Qe2 Nxd3 18. Qxd3 Rfc8 19. fxg6 fxg6 20. Bd4
Qxc4 21. Qg3 Qe6 22. Qf4 Rc4 23. Rae1 Rac8 24. Qh6 Rxd4 25. cxd4 Bxe4 26. Rf4
d5 27. g4 g5 28. Qxe6+ 1-0

[Event "Madrid ch Sub 15 2015"]
[Site "Madrid ESP"]
[Date "2015.04.25"]
[Round "5.3"]
[White "Bento Iglesias, Pablo"]
[Black "Alfaya Marcelo, Roberto"]
[Result "0-1"]
[WhiteElo "1803"]
[BlackElo "2087"]
[PlyCount "78"]
[EventDate "2015.04.18"]
[EventType "tourn"]
[EventRounds "7"]
[EventCountry "ESP"]
[Source "lmi"]
[SourceDate "2015.04.18"]

1. e4 c5 2. c3 d5 3. exd5 Qxd5 4. d4 g6 5. Nf3 Bg7 6. Be2 cxd4 7. cxd4 Nf6 8.
Nc3 Qd6 9. O-O O-O 10. Be3 a6 11. Rc1 Nc6 12. h3 Be6 13. Qd2 Rfd8 14. Rfd1 Nd5
15. Nxd5 Bxd5 16. b3 Rac8 17. Kh1 b5 18. Rc5 Qd7 19. b4 Nxd4 20. Bxd4 Bxf3 21.
Bxf3 Rxc5 22. bxc5 Bxd4 23. Qa5 Qc8 24. Bb7 Qb8 25. c6 Bb6 26. Qe1 Rxd1 27.
Qxd1 a5 28. Qe2 Qd6 29. g3 Qd5+ 30. Kg1 e5 31. Ba6 b4 32. Bb5 Qc5 33. Ba4 Kg7
34. Qc2 Qd6 35. Qd1 Qf6 36. Qc2 Qf3 37. c7 Qxg3+ 38. Kf1 Qxh3+ 39. Ke1 Qc8 0-1

[Event "Madrid ch Sub 15 2015"]
[Site "Madrid ESP"]
[Date "2015.04.25"]
[Round "5.4"]
[White "Perez Ordonez, Jose Ramon"]
[Black "Menendez Hernandez, Jose"]
[Result "1-0"]
[WhiteElo "1788"]
[BlackElo "1768"]
[PlyCount "85"]
[EventDate "2015.04.18"]
[EventType "tourn"]
[EventRounds "7"]
[EventCountry "ESP"]
[Source "lmi"]
[SourceDate "2015.04.18"]

1. d4 d5 2. c4 c6 3. Nf3 Nf6 4. Nc3 a6 5. e3 g6 6. Bd3 Bg7 7. O-O O-O 8. b3
Nbd7 9. Bb2 b5 10. Qc2 Nb6 11. Ne5 Bb7 12. c5 Nbd7 13. f4 b4 14. Ne2 a5 15. Ng3
Qc8 16. e4 Ba6 17. a3 dxe4 18. Bxa6 Rxa6 19. axb4 axb4 20. Nxe4 Nxe5 21. dxe5
Nd5 22. Rxa6 Qxa6 23. Ra1 Qb7 24. Bc1 Ra8 25. Qb2 h6 26. Bd2 Rxa1+ 27. Qxa1 Qb5
28. Qf1 Qxf1+ 29. Kxf1 f6 30. exf6 exf6 31. Ke2 f5 32. Nd6 Bd4 33. Nb7 Kf8 34.
Kd3 Bg1 35. h3 Bh2 36. Kc4 Nxf4 37. Bxf4 Bxf4 38. Kxb4 Bc7 39. Na5 Bxa5+ 40.
Kxa5 Ke7 41. b4 Kd7 42. Kb6 g5 43. Kb7 1-0

[Event "Madrid ch Sub 15 2015"]
[Site "Madrid ESP"]
[Date "2015.04.26"]
[Round "6.3"]
[White "Rottenwohrer Suarez, Juan"]
[Black "Bento Iglesias, Pablo"]
[Result "0-1"]
[WhiteElo "2015"]
[BlackElo "1803"]
[PlyCount "106"]
[EventDate "2015.04.18"]
[EventType "tourn"]
[EventRounds "7"]
[EventCountry "ESP"]
[Source "lmi"]
[SourceDate "2015.04.18"]

1. Nf3 d6 2. d4 Nf6 3. c4 g6 4. Nc3 Bg7 5. e4 O-O 6. Be2 e5 7. O-O exd4 8. Nxd4
Nc6 9. Be3 Re8 10. f3 a6 11. Qd2 Bd7 12. Rac1 Rc8 13. Rfd1 Qe7 14. b3 Be6 15.
Nxe6 fxe6 16. Bg5 Ne5 17. Na4 Nf7 18. Be3 c5 19. b4 Nd7 20. Rb1 Rc7 21. b5 axb5
22. Rxb5 Ra8 23. Nc3 b6 24. Nb1 Rca7 25. a3 Ra4 26. Bd3 R8a6 27. Bc2 R4a5 28.
Rxa5 Rxa5 29. a4 Nde5 30. Na3 Ra8 31. Nb5 Nxc4 32. Qe2 Nxe3 33. Qxe3 Rd8 34.
Bb3 Ne5 35. f4 Nc6 36. f5 Nd4 37. Nxd4 Bxd4 38. Rxd4 cxd4 39. Qxd4 gxf5 40.
exf5 d5 41. Qg4+ Qg7 42. Qe2 exf5 43. Qe6+ Qf7 44. Qxb6 Qe7 45. Qf2 Qe5 46. Qh4
Qe3+ 47. Kf1 Qd3+ 48. Kf2 Qd2+ 49. Kf3 Re8 50. Qg3+ Kh8 51. Qf4 Qe2+ 52. Kg3
Rg8+ 53. Kh3 Qxg2+ 0-1

[Event "Madrid ch Sub 15 2015"]
[Site "Madrid ESP"]
[Date "2015.04.26"]
[Round "6.4"]
[White "Palenciano Escolar, Adrian"]
[Black "Herranz Sanchez, Pablo"]
[Result "1/2-1/2"]
[WhiteElo "2102"]
[BlackElo "1940"]
[PlyCount "55"]
[EventDate "2015.04.18"]
[EventType "tourn"]
[EventRounds "7"]
[EventCountry "ESP"]
[Source "lmi"]
[SourceDate "2015.04.18"]

1. e4 c5 2. Nf3 d6 3. d4 cxd4 4. Nxd4 Nf6 5. Nc3 a6 6. Be3 e5 7. Nf3 Be7 8. Bc4
O-O 9. a4 Nbd7 10. O-O b6 11. Bd5 Rb8 12. Qd2 h6 13. Rfe1 Nxd5 14. Nxd5 Nf6 15.
Nxf6+ Bxf6 16. Rad1 Be7 17. Qe2 Qc7 18. b3 Bb7 19. Bc1 f5 20. exf5 Rxf5 21. Nd4
Rf6 22. c4 Rg6 23. f3 Bh4 24. Qd3 Qf7 25. Nf5 Bxe1 26. Rxe1 Rf8 27. Ne7+ Qxe7
28. Qxg6 1/2-1/2